000 00775nam a2200229 a 4500
003 OSt
005 20130924163539.0
008 130924s2001 ag ||||| |||| 00| 0 spa d
040 _cBiblioteca Medicina
041 _aspa
082 _bMINIST. DE SALUD 309
110 _aMinisterio de Salud
_92598
245 0 0 _aEstimaciones del gasto en Salud, Argentina. Año 1997 y proyecciones
250 _a1º ed.
260 _aBuenos Aires
_bMinisterio de Salud de la Nacion; Ministerio de Economia de la Nacion
_c2001
300 _a92 p.
653 _aFINANCIAMIENTO EN SALUD
653 _aSALUD Y ECONOMIA
653 _aSALUD-GASTOS
942 _2ddc
_cPH
999 _c1671
_d1671
952 _40
_00
_bBFM
_10
_oMINIST. DE SALUD 309
_d2013-09-24
_tEj. 1
_8NFIC
_70
_cCR
_2ddc
_yPH
_aBFM